| 000 | 00435nam a22001457a 4500 | ||
|---|---|---|---|
| 020 | _a0-13-307489-7 | ||
| 082 |
_a652.5 _bMCC |
||
| 100 |
_aMcclure, Rhyder. _944535 |
||
| 245 |
_aFast access / wordperfect _cMcclure, Rhyder. |
||
| 260 |
_aNew York _bLibrary of congress cataloging-in-publication Data/ _c1987. |
||
| 300 |
_a199p.: _bill,; _c15 cm. |
||
| 526 |
_a0 _b0 _c0 _d652_500000000000000_MCC |
||
| 650 |
_aMCE _9379 |
||
| 942 |
_2ddc _cBK |
||
| 999 |
_c548307 _d548307 |
||